| 000 | 00604 a2200181 4500 | ||
|---|---|---|---|
| 003 | NUST | ||
| 005 | 20221228142507.0 | ||
| 040 | _cNust | ||
| 082 | _a355.4,NAT | ||
| 100 |
_aNat _9106249 |
||
| 245 | _aEssays on Strategy / | ||
| 260 |
_aWashington _bNational Degense UNiversiruy _c1984 |
||
| 300 | _avii,158 p.; | ||
| 505 | _aOperations Barbarossa (Page-1), Tantalus Revisited (Page-13), Deep Attack in Defense of Central Europe (Page-29), Atlantic Cooperation’s for Persian Gull Security (Page-79). | ||
| 600 |
_aNat _9106249 |
||
| 650 |
_aEssays On Strategy _9106250 |
||
| 942 |
_2ddc _cBK _k355.4,NAT |
||
| 999 |
_c186399 _d186399 |
||